| 000 | 05829namaa22004331i 4500 | ||
|---|---|---|---|
| 003 | EG-GICUC | ||
| 005 | 20260204100619.0 | ||
| 008 | 260123s2025 ua a|||frm||| 000 0 eng d | ||
| 040 |
_aEG-GICUC _beng _cEG-GICUC _dEG-GICUC _erda |
||
| 041 | 0 |
_aeng _beng _bara |
|
| 049 | _aDeposit | ||
| 082 | 0 | 4 | _a617.60757 |
| 092 |
_a617.60757 _221 |
||
| 097 | _aPh.D | ||
| 099 | _aCai01.09.05.Ph.D.2025.Me.A | ||
| 100 | 0 |
_aMenna Tallah Mosaad El-Said Hassan Abu Amo, _epreparation. |
|
| 245 | 1 | 0 |
_aAssessment of alveolar bone thickness buccal to maxillary anterior and premolar teeth in a sample of egyptian population using CBCT: _bAn observational cross-sectional study / _cby Menna Tallah Mosaad El-Said Hassan Abu Amo ; Supervisors Prof. Dr. Farid Medhat, Prof. Arwa Ibrahim Moussa. |
| 246 | 1 | 5 |
_aتقييم سُمك العظم السنخي من الناحية الشفوية للأسنان الأمامية والضواحك العلوية في عينة من السكان المصريين باستخدام الأشعة المقطعية المخروطية : _bدراسة مقطعية ملاحظة / |
| 264 | 0 | _c2025. | |
| 300 |
_a112 pages : _billustrations ; _c25 cm. + _eCD. |
||
| 336 |
_atext _2rda content |
||
| 337 |
_aUnmediated _2rdamedia |
||
| 338 |
_avolume _2rdacarrier |
||
| 502 | _aThesis (Ph.D)-Cairo University, 2025. | ||
| 504 | _aBibliography: pages 96-108. | ||
| 520 | 3 | _aAim: To investigate the thickness of the buccal alveolar bone of maxillary anterior and premolar teeth in a sample of Egyptian population using Cone beam computed tomography (CBCT) measured at specific vertical levels along the root apical to the alveolar crest that are important for clinical procedures Materials and Methods: A total of 138 CBCT scans of Egyptian adults aged between 18 to 70 years were retrospectively analyzed. Labial alveolar bone thickness (LABT) was measured at 1 mm, 3 mm, and 5 mm apical to the alveolar crest for maxillary central and lateral incisors, canines, and first and second premolars. Data were analyzed using non-parametric statistical tests to assess associations with age and gender. Results: The labial bone was generally thinner than 2 mm in the anterior maxilla, particularly in the lateral incisor region, where bone thickness was frequently <1 mm. The second premolar region exhibited the greatest LABT, indicating its relative anatomical favorability for implant | |
| 520 | 3 | _aركزت هذه الدراسة على تقييم سماكة العظم السنخي الشفوي في الأسنان الأمامية والضواحك العلوية لدى عينة من السكان المصريين (CBCT). باستخدام الأشعة المقطعية المخروطية تم اختيارCBCT نظراً لدقتها العالية في القياسات الخطية، وانخفاض مستوى الإشعاع مقارنة بالأشعة المقطعية التقليدية، وقدرتها على توفير تصوير ثلاثي الأبعاد ضروري لتخطيط زراعة الأسنان، خاصة في المناطق الأمامية ذات الأهمية الجمالية العالية. تم قياس سماكة العظم عند ثلاثة مستويات عمودية سريرية مهمة: 1 مم ،3 مم، و5 مم أسفل الحافة السنخية، لكل سن من الأسنان الأمامية والضواحك. أظهرت النتائج أن معظم القواطع المركزية والجانبية لديها سماكة عظم أقل من 1 مم، مما يشير إلى عدم كفاية الدعم للزرع الفوري دون تطعيم عظمي. أما الأنياب والضواحك الثانية فقد أظهرت سماكة عظمية أكبر نسبياً، غالباً تتجاوز .1 مم، مما يجعلها مناطق أكثر ملاءمة لزراعة الأسنان تتفق هذه النتائج مع دراسات دولية سابقة تشير إلى أن رقة الصفيحة العظمية الوجهية في الفك العلوي الأمامي تمثل تحدياً شائعاً في زراعة الأسنان. كما أبرزت الدراسة وجود تباين تشريحي بين أنواع الأسنان المختلفة ومستويات القياس، بالإضافة إلى تأثير عوامل مثل العمر والجنس وموضع الجذر على سماكة العظم. لذلك، فإن التخطيط العلاجي الفردي يعُد ضرورياً لتقليل المخاطر .وتحقيق نتائج علاجية ناجحة كأداة تشخيصية فعالة في زراعة الأسنان، خصوصاً في المنطقة الأمامية، لضمان التخطيط CBCT تدعم الدراسة استخدام الدقيق، وتجنب المضاعفات، وتحقيق نتائج جمالية طويلة المدى. كما أن شمول الضواحك في التقييم، وهي غالباً ما تهُمل في الدراسات السابقة، يعزز من أهمية دورها في دعم النتائج الجمالية والوظيفية للزرع. | |
| 530 | _aIssues also as CD. | ||
| 546 | _aText in English and abstract in Arabic & English. | ||
| 650 | 0 | _aMaxillofacial radiology | |
| 650 | 0 | _aاشعة الفم | |
| 653 | 1 |
_aALVEOLAR BONE THICKNESS MAXILLARY ANTERIOR _aMAXILLARY PREMOLAR _aimmediate implant _aCBCT |
|
| 700 | 0 |
_aFarid Medhat _ethesis advisor. |
|
| 700 | 0 |
_aArwa Ibrahim Moussa _ethesis advisor. |
|
| 900 |
_b01-01-2025 _cFarid Medhat _cArwa Ibrahim Moussa _dJihan Gamal El-Din _dEnas Antar _UCairo University _FFaculty of Dentistry _DDepartment of Oral & Maxillofacial Radiology |
||
| 905 |
_aShimaa _eEman Ghareb |
||
| 942 |
_2ddc _cTH _e21 _n0 |
||
| 999 | _c177976 | ||